Mexténcil /

La colección Tendencias de La Gunilla Editores (México) es la extensión editorial del MODO, Museo del Objeto del Objeto, que presenta una muestra de nuevas manifestaciones artísticas, culturales y literarias del mundo de la plástica, la comunicación y el diseño, alrededor del territorio mexicano, as...

সম্পূর্ণ বিবরণ

সংরক্ষণ করুন:
গ্রন্থ-পঞ্জীর বিবরন
প্রধান লেখক: Monterroso, Flavio (diseño y fotografía)
অন্যান্য লেখক: Vargas, Edgar (fotógrafo) (fotógrafo)
বিন্যাস: গ্রন্থ
ভাষা:স্প্যানিশ
মালা:(Tendencias La Gunilla)
বিষয়গুলি:
ট্যাগগুলো: ট্যাগ যুক্ত করুন
কোনো ট্যাগ নেই, প্রথমজন হিসাবে ট্যাগ করুন!

MARC

LEADER 00000nam^a2200000^a^4500
001 000373035
005 20250521000000.0
009 20260310120028.485
020 |a 978-607-7549-01-7 
037 |a Acervo ITESO - Biblioteca 
041 |a ESP 
082 |a 709. 72  |b TEN V. 2 
100 |a Monterroso, Flavio  |e (diseño y fotografía) 
245 1 0 |a Mexténcil /  |c Diseño y fotografía de F. Monterroso ; fotografía de E. Vargas ; textos de Paulina Newman... [et al.]. 
264 |a México :  |b La Gunilla,  |c 2008 
300 |a 1 v. (sin paginación) +  |e 1 lámina 
336 |a texto  |b txt  |2 rdacontenido 
337 |a sin mediación  |b n  |2 rdamedio 
338 |a volumen  |b nc  |2 rdasoporte 
440 |a (Tendencias La Gunilla) 
520 |a La colección Tendencias de La Gunilla Editores (México) es la extensión editorial del MODO, Museo del Objeto del Objeto, que presenta una muestra de nuevas manifestaciones artísticas, culturales y literarias del mundo de la plástica, la comunicación y el diseño, alrededor del territorio mexicano, así como las posturas de sus creadores respecto a su arte particular y a la manifestación artística urbana en general. En este número se exhiben piezas de graffiti realizadas con esténcil. La edición incluye un esténcil cuadrado de 20.0 cm del rostro de una persona con mascarilla industrial. 
649 |a XX 
650 |a Graffiti -  |z México -  |x Historia y Crítica -  |x Tema Principal 
650 |a Arte Urbano -  |z México -  |x Historia y Crítica 
650 |a Arte Mexicano -  |y Siglo XXI 
650 |a Arte Mexicano -  |x Historia y Crítica 
650 |a Arte -  |y Siglo XXI 
650 |a Arte -  |x Historia y Crítica 
700 |a Vargas, Edgar  |e (fotógrafo) 
910 |a Fondo General 
920 |a Impresos - Libros 
930 |a Colección General 
905 |a 101 
901 |a 0500267315  |b IT1  |c ACC  |i C144334  |u 20250521 
901 |a 0500267312  |b IT2  |c FOL  |u 20250521 
902 |a https://opac.biblio.iteso.mx/vufind/Record/000373035